Gemeinden Landkreis Erlangen-Höchstadt - Statistiken

Allgemein
  • Dieses Quiz wurde 118 mal gespielt
  • Das Durchschnittsergebnis liegt bei 14 aus 25
Antwortstatistiken
Einwohner Gemeindeart Gemeinde % Korrekt
13.551 Stadt Höchstadt an der Aisch
88%
23.373 Stadt Herzogenaurach
84%
7.854 Stadt Baiersdorf
79%
4.612 Gemeinde Bubenreuth
75%
4.847 Gemeinde Möhrendorf
69%
2.231 Gemeinde Spardorf
69%
5.045 Gemeinde Uttenreuth
67%
14.515 Markt Eckental
64%
8.745 Gemeinde Adelsdorf
63%
3.612 Gemeinde Heßdorf
61%
6.614 Markt Weisendorf
61%
1.542 Gemeinde Marloffstein
60%
5.336 Gemeinde Hemhofen
58%
4.750 Gemeinde Röttenbach
58%
3.101 Gemeinde Buckenhof
55%
3.066 Gemeinde Kalchreuth
52%
8.427 Markt Heroldsberg
51%
3.050 Gemeinde Aurachtal
48%
1.616 Gemeinde Gremsdorf
48%
2.443 Gemeinde Großenseebach
48%
2.042 Markt Lonnerstadt
45%
1.558 Markt Vestenbergsgreuth
42%
1.783 Markt Mühlhausen
36%
2.234 Markt Wachenroth
36%
1.315 Gemeinde Oberreichenbach
34%
Keine übereinstimmenden Quizze gefunden
Verteilung der Resultate
Anzahl Personen mit jedem Resultat
Perzentil nach korrekt beantworteten Fragen
Ihre Resultats-Entwicklung
Sie haben dieses Quiz noch nicht gespielt